Biblioteca "Ernesto Sabato"
Facultad de Derecho y Ciencias Sociales
Facultad de Lenguas
Universidad Nacional del Comahue

Ingnacio Pirovano (Record no. 22414)

MARC details
000 -CABECERA
campo de control de longitud fija 00502caa a22001572a 4500
001 - NÚMERO DE CONTROL
campo de control 016662
003 - IDENTIFICADOR DEL NÚMERO DE CONTROL
campo de control AR-FADEU
008 - DATOS DE LONGITUD FIJA--INFORMACIÓN GENERAL
campo de control de longitud fija 311216n########xxu####################dd
092 ## - ASIGNACIÓN LOCAL DE SIGNATURA TOPOGRÁFICA DEWEY (OCLC)
Número de clasificación A863.42
Número de documento/Ítem C221j
100 ## - ENTRADA PRINCIPAL--NOMBRE DE PERSONA
Nombre de persona Wilde, Eduardo
245 ## - MENCIÓN DE TÍTULO
Título Ingnacio Pirovano
300 ## - DESCRIPCIÓN FÍSICA
Extensión PP. 97-105
500 ## - NOTA GENERAL
Nota general En: Juvenilia / Miguel Cané. Buenos Aires. : Centro Editor de América Latina, 1967
773 0# - ENLACE AL DOCUMENTO FUENTE/ENTRADA DE REGISTRO ANFITRIÓN
Número bibliográfico anfitrión 22411
Número de ítem anfitrión 22332
Encabezamiento principal Cané, Miguel
Edición
Lugar, editor y fecha de publicación Buenos Aires
Otro identificador del documento 8907
Título Juvenilia
Número de control del registro ( AR-FADEU) 016659
Número Internacional Normalizado para Publicaciones Seriadas
Número Internacional Estándar del Libro
942 ## - ELEMENTOS DE PUNTO DE ACCESO ADICIONAL (KOHA)
Tipo de ítem Koha BDGR

No items available.

Facultad de Derecho y Ciencias Sociales | Universidad Nacional del Comahue | Mendoza y Perú General Roca | Río Negro CP (8332) | Patagonia Argentina | Teléfono: 54-0298-4433670 | | Fax: 0298-4432093 | Fax alumnos: 0298-4435700